Countries with the Most Olympic Medals in Swimming - Statistics

General Stats
  • This quiz has been taken 26,795 times
    26,321 since last reset
  • The average score is 13 of 16
Answer Stats
G S B Medals Country % Correct
265 192 151 608 United States
100%
18 24 19 61 China
97%
12 17 22 51 France
96%
19 30 52 101 Germany
incl. West Germany
94%
21 35 31 87 Great Britain
94%
12 20 31 63 Canada
93%
7 11 10 28 Russia
93%
76 79 77 232 Australia
91%
24 28 32 84 Japan
91%
7 8 20 35 Italy
88%
11 16 14 41 Sweden
74%
23 21 21 65 Netherlands
67%
18 24 27 69 Soviet Union
incl. Unified Team
60%
8 8 6 22 South Africa
49%
32 28 21 81 Hungary
42%
38 32 22 92 East Germany
38%
No matching quizzes found
Score Distribution
Percent of People with Each Score
Percentile by Number Answered
Your Score History
You have not taken this quiz since the last reset